[Event "Toma del frasco"]
[Site "http://www.queenalice.com/game.php?id=1762119"]
[Date "2021.6.13"]
[Round "-"]
[White "rfbcsa"]
[Black "din4"]
[Result "1-0"]
[WhiteElo "1837"]
[BlackElo "1654"]

1. e4 e5 2. Nf3 Qf6 3. Bc4 Bc5 4. d3 g5 5. Bxg5 Qb6 6. O-O Qxb2 7. Nbd2 f6 8.
Rb1 Qa3 9. Be3 Bxe3 10. fxe3 Qf8 11. Nxe5 Qg7 12. Qh5+ Kd8 13. Nf7+ Ke7 14. Qc5+
Ke8 15. Qxc7 Nc6 16. Rf3 b5 17. Rxb5 Ba6 18. Rg3 Qxf7 19. Bxf7+ Ke7 20. Rc5 Nh6
21. Rxc6 Rac8 22. Qd6+ Kxf7 23. Qxf6+ Ke8 24. Qxh8+ Ke7 25. Rg7+ Nf7 26. Rxf7+
Kxf7 27. Qf6+ Kg8 28. Rxc8+ Bxc8 29. Qd8+ Kg7 30. Qxc8 h5 31. Qxd7+ Kg6 32. Qf5+
Kh6 33. h4 a5 34. e5 a4 35. Qg5+ Kh7 36. Ne4 a3 37. Nf6+ Kh8 38. Qg8# 1-0

[Event "Carrasco"]
[Site "http://www.queenalice.com/game.php?id=1762120"]
[Date "2021.6.13"]
[Round "-"]
[White "din4"]
[Black "rfbcsa"]
[Result "0-1"]
[WhiteElo "1645"]
[BlackElo "1832"]

1. d4 Nf6 2. f3 e6 3. e4 d5 4. e5 Nfd7 5. h4 f6 6. Bf4 c5 7. Bb5 a6 8. Bxd7+
Nxd7 9. Ne2 cxd4 10. Nxd4 Qb6 11. b3 fxe5 12. Nxe6 Qxe6 13. Bd2 Qg6 14. Qe2 Qg3+
15. Kf1 Bc5 16. Rh3 Qg6 17. Bg5 O-O 18. Nc3 d4 19. Nd5 b5 20. c4 Nb6 21. Nxb6
Qxb6 22. Rg3 Bb7 23. Qxe5 Rae8 24. Bd8 Rxe5 25. Bxb6 Bxb6 26. cxb5 axb5 27. b4
Rd8 28. f4 Re3 29. Rg5 Bc6 30. f5 Rf8 31. h5 h6 32. Rg6 Rf6 33. Rxf6 gxf6 34.
Kf2 Re5 35. g4 d3+ 36. Kg3 Be3 37. Rc1 d2 38. Rxc6 d1=Q 39. Rxf6 Qg1+ 40. Kh4
Bg5+ 41. Kh3 Re3# 0-1

[Event "Capablanca"]
[Site "http://www.queenalice.com/game.php?id=1764702"]
[Date "2021.7.18"]
[Round "-"]
[White "rfbcsa"]
[Black "din4"]
[Result "1-0"]
[WhiteElo "1852"]
[BlackElo "1622"]

1. e4 e6 2. d4 Nf6 3. Nc3 c6 4. Nf3 d5 5. Bg5 Be7 6. Bxf6 gxf6 7. a3 Qb6 8. b3
Qa5 9. b4 Qc7 10. Bd3 Rg8 11. g3 e5 12. exd5 cxd5 13. Nxd5 Qd6 14. c4 Bg4 15.
O-O Nc6 16. Nxe7 Kxe7 17. Be2 exd4 18. Nxd4 Nxd4 19. Bxg4 f5 20. Re1+ Kf8 21.
Bf3 Qf4 22. Bd5 Rd8 23. Kf1 Qg4 24. Qxg4 Rxg4 25. Rac1 b5 26. h3 Rg6 27. Red1
Rxd5 28. cxd5 Nf3 29. d6 Ke8 30. d7+ Kd8 31. Rc8+ Ke7 32. d8=Q+ Ke6 33. Qd6# 1-0

[Event "Rocaguinarda"]
[Site "http://www.queenalice.com/game.php?id=1764703"]
[Date "2021.7.18"]
[Round "-"]
[White "din4"]
[Black "rfbcsa"]
[Result "0-1"]
[WhiteElo "1615"]
[BlackElo "1853"]

1. e3 Nf6 2. f3 b6 3. c4 c5 4. Nc3 e6 5. e4 d6 6. d3 Be7 7. g4 O-O 8. g5 Nfd7 9.
Nh3 g6 10. f4 Nc6 11. Be3 Nd4 12. Bxd4 cxd4 13. Nb5 e5 14. f5 Bxg5 15. Nxd6 Bf6
16. Nf2 Nc5 17. Nxc8 Rxc8 18. Bh3 Rc7 19. Rg1 Bh4 20. Qf3 Bxf2+ 21. Kxf2 Qd6 22.
fxg6 fxg6 23. Bf5 Kh8 24. Qh3 gxf5 25. exf5 Rcf7 26. Rg5 Qd7 27. Ke2 Rxf5 28.
Rxf5 Rxf5 29. Rg1 Rf2+ 30. Kxf2 Qxh3 31. Re1 Nxd3+ 32. Ke2 Qe3+ 33. Kd1 Qxe1+
34. Kc2 Qe2+ 35. Kb3 Qxb2+ 36. Ka4 Qb4# 0-1

[Event "Corazón loco"]
[Site "http://www.queenalice.com/game.php?id=1766705"]
[Date "2021.8.12"]
[Round "-"]
[White "rfbcsa"]
[Black "din4"]
[Result "1-0"]
[WhiteElo "1837"]
[BlackElo "1609"]

1. e4 e5 2. Nf3 Qf6 3. Bc4 Nh6 4. d3 Bb4+ 5. c3 Bc5 6. d4 Bb6 7. O-O exd4 8.
Bxh6 gxh6 9. cxd4 d6 10. h3 Rg8 11. Kh2 Qf4+ 12. g3 Qf6 13. e5 Qf5 14. g4 Qf4+
15. Kh1 Bxg4 16. hxg4 Nc6 17. e6 f5 18. Nh2 Bxd4 19. Nc3 Ne5 20. gxf5 Nxc4 21.
Qh5+ Rg6 22. fxg6 O-O-O 23. e7 Re8 24. g7 Bxg7 25. Qxe8# 1-0

[Event "La bien plantá"]
[Site "http://www.queenalice.com/game.php?id=1766706"]
[Date "2021.8.12"]
[Round "-"]
[White "din4"]
[Black "rfbcsa"]
[Result "1-0"]
[WhiteElo "1602"]
[BlackElo "1823"]

1. e4 e6 2. e5 d6 3. f4 Nc6 4. Bb5 Bd7 5. d4 Nge7 6. Nc3 Nf5 7. d5 Ncd4 8. Bxd7+
Qxd7 9. g4 Nh4 10. Qxd4 c5 11. Qf2 Ng6 12. Nf3 Be7 13. b3 dxe5 14. fxe5 exd5 15.
O-O Qxg4+ 16. Kh1 O-O-O 17. Rg1 Qf5 18. Ba3 Nxe5 19. Bxc5 Qxf3+ 20. Qxf3 Nxf3
21. Bxe7 Rd7 22. Rg3 Re8 23. Rxf3 Rexe7 24. Nb5 a6 25. Nd4 h5 26. Nf5 Re2 27. c3
g6 28. Nd4 Re4 29. Raf1 f5 30. h3 Rde7 31. Rg3 Re1 32. Rxe1 Rxe1+ 33. Kg2 f4 34.
Rxg6 Re3 35. Rg5 Rxc3 36. Ne6 f3+ 37. Kf2 h4 38. Rxd5 Kb8 39. Ra5 Ka7 40. Nd4
Rd3 41. Nxf3 Rd7 42. Rh5 b6 43. Nxh4 Rd2+ 44. Ke3 Rxa2 45. Rh7+ Kb8 46. Nf5 Rb2
47. Nd4 Rh2 48. Nf3 Rh1 49. Nd4 1-0

[Event "Tango"]
[Site "http://www.queenalice.com/game.php?id=1769399"]
[Date "2021.9.10"]
[Round "-"]
[White "rfbcsa"]
[Black "din4"]
[Result "1-0"]
[WhiteElo "1798"]
[BlackElo "1627"]

1. e4 e5 2. Nf3 f6 3. Nc3 c6 4. Bc4 Ne7 5. d4 d6 6. dxe5 fxe5 7. Ng5 Qa5 8. Nf7
d5 9. exd5 Kxf7 10. d6+ Nd5 11. Qh5+ g6 12. Qxe5 Kg8 13. Bd2 Qd8 14. Nxd5 Bxd6
15. Ne7+ Kf8 16. Qxh8+ Kxe7 17. Bg5+ Kd7 18. Qxd8# 1-0

[Event "Havanera"]
[Site "http://www.queenalice.com/game.php?id=1769400"]
[Date "2021.9.10"]
[Round "-"]
[White "din4"]
[Black "rfbcsa"]
[Result "0-1"]
[WhiteElo "1618"]
[BlackElo "1807"]

1. e3 c5 2. c4 g6 3. b3 Bg7 4. d4 cxd4 5. exd4 d5 6. c5 Nc6 7. g4 Bxd4 8. Bb5
Bxa1 9. Bd2 Nf6 10. Nc3 Bxc3 11. Bxc3 Bxg4 12. f3 Bf5 13. Qe2 O-O 14. Qd2 a6 15.
Bxc6 bxc6 16. Ne2 Re8 17. Nd4 Bd7 18. Ba5 Qb8 19. Qg5 Kg7 20. h4 e5 21. Ne2 e4
22. f4 h6 23. Qg3 Qb5 24. Qc3 Bg4 25. Rh2 Qd3 26. Qxd3 exd3 27. Bc3 Bxe2 28.
Bxf6+ Kxf6 29. Kd2 Re4 30. Rh3 Rae8 31. a4 Bf1 32. Rf3 Re2+ 33. Kc3 Rc2+ 34. Kb4
d2 35. Rxf1 Re1 36. Rxe1 dxe1=Q+ 37. Ka3 a5 38. f5 Qa1# 0-1

[Event "Pulgarcito"]
[Site "http://www.queenalice.com/game.php?id=1772154"]
[Date "2021.10.13"]
[Round "-"]
[White "rfbcsa"]
[Black "din4"]
[Result "1-0"]
[WhiteElo "1814"]
[BlackElo "1603"]

1. e4 Nc6 2. Nf3 e5 3. Bb5 a6 4. Bxc6 bxc6 5. d4 d6 6. dxe5 Bg4 7. Nc3 Bxf3 8.
Qxf3 dxe5 9. O-O g6 10. Qg3 Qd4 11. Be3 Qd6 12. Rad1 Qe6 13. Rd3 Bd6 14. Rfd1
Nf6 15. a3 Nh5 16. Qf3 h6 17. Na4 Qc4 18. Nc3 Qe6 19. Na4 g5 20. Qxh5 Qc4 21.
Nc3 O-O-O 22. Qg4+ Kb7 23. b3 Qe6 24. Qxe6 fxe6 25. Bc5 Kc8 26. Bxd6 cxd6 27.
Rxd6 Rxd6 28. Rxd6 Rd8 29. Rxd8+ Kxd8 30. Ne2 h5 31. f3 Kd7 32. c4 a5 33. b4 a4
34. Nc3 Kc7 35. Nxa4 g4 36. fxg4 hxg4 37. g3 Kb7 38. Nc5+ Kc7 39. Nxe6+ Kb6 40.
a4 Kb7 41. a5 Ka7 42. b5 cxb5 43. cxb5 Kb8 44. Nd8 Ka7 45. Nc6+ Ka8 46. b6 Kb7
47. Nxe5 Ka6 48. Nd7 Kb7 49. e5 Ka6 50. e6 Kxa5 51. b7 Kb4 52. b8=Q+ Kc4 53. Qd6
Kc3 54. e7 Kc2 55. e8=Q Kc1 56. Qc8+ Kb2 57. Qb6+ Ka1 58. Qa8# 1-0

[Event "Caperucita"]
[Site "http://www.queenalice.com/game.php?id=1772155"]
[Date "2021.10.13"]
[Round "-"]
[White "din4"]
[Black "rfbcsa"]
[Result "0-1"]
[WhiteElo "1610"]
[BlackElo "1826"]

1. e4 e6 2. d4 d5 3. e5 c5 4. c3 Nc6 5. Bb5 cxd4 6. Bxc6+ bxc6 7. Qxd4 c5 8. Qg4
Qc7 9. Nf3 f6 10. Qh5+ g6 11. Qg4 fxe5 12. O-O Nf6 13. Qh4 Bg7 14. Na3 a6 15.
Qg3 Nh5 16. Qg5 O-O 17. Re1 e4 18. Nd2 Rf5 19. Qg4 e5 20. Nxe4 dxe4 21. Qxe4 Bb7
22. Qc4+ Kh8 23. g4 Qc6 24. Qf1 Qh1# 0-1

[Event "Volando voy "]
[Site "http://www.queenalice.com/game.php?id=1777425"]
[Date "2021.12.17"]
[Round "-"]
[White "rfbcsa"]
[Black "din4"]
[Result "1-0"]
[WhiteElo "1862"]
[BlackElo "1595"]

1. e4 e5 2. Nf3 d6 3. d4 Nc6 4. Bb5 Bd7 5. d5 Nd4 6. Bxd7+ Kxd7 7. Nxd4 exd4 8.
Qxd4 c5 9. dxc6+ bxc6 10. e5 Qa5+ 11. Bd2 Qxe5+ 12. Qxe5 dxe5 13. O-O Nf6 14.
Nc3 Bb4 15. a3 Bxc3 16. Bxc3 Ke6 17. Rfd1 a5 18. f3 Nd5 19. Rd3 Nxc3 20. Rxc3
Rhc8 21. Rd1 a4 22. Rcd3 Ra5 23. Rd6+ Kf5 24. Rd7 Rd5 25. Rxf7+ Ke6 26. Rxd5
cxd5 27. Rxg7 Rxc2 28. Rxh7 d4 29. Kf1 Rxb2 30. Ra7 d3 31. Ke1 Rxg2 32. h4 Kf5
33. Rxa4 e4 34. Rxe4 Ra2 35. Ra4 Kg6 36. Ra5 Kh6 37. f4 Rh2 38. h5 Rxh5 39.
Rxh5+ Kxh5 40. Kd2 Kg4 41. Kxd3 Kxf4 42. Kd4 Kf5 43. Kd5 Kf6 44. Kc6 Ke5 45. a4
Ke6 46. a5 Ke7 47. Kc7 Ke6 48. a6 Kd5 49. a7 Kc5 50. a8=Q Kd4 51. Qa5 Kc4 52.
Kc6 Kd4 53. Qf5 Kc4 54. Qd5+ Kc3 55. Kc5 Kc2 56. Kc4 Kc1 57. Kc3 Kb1 58. Qd2 Ka1
59. Qb2# 1-0

[Event "A por ti voy"]
[Site "http://www.queenalice.com/game.php?id=1779677"]
[Date "2022.1.8"]
[Round "-"]
[White "din4"]
[Black "doriam2203"]
[Result "1-0"]
[WhiteElo "1590"]
[BlackElo "1735"]

1. e4 e5 2. Bc4 Qg5 3. Qf3 Qe7 4. Nc3 Nf6 5. d3 h6 6. Nb5 Kd8 7. b3 a6 8. Nc3
Nc6 9. a3 Nd4 10. Qd1 d6 11. Nd5 Nxd5 12. Bxd5 c6 13. c3 Nb5 14. Bc4 Nxc3 15.
Qc2 Nb5 16. Bxb5 axb5 17. Be3 Be6 18. Bb6+ Kd7 19. Nf3 f5 20. d4 Ra6 21. Bc5
dxc5 22. Nxe5+ Kd8 23. Ng6 Qd6 24. Nxh8 Qxd4 25. Rd1 Qxd1+ 26. Qxd1+ Kc7 27.
exf5 Bxf5 28. Qh5 Bd6 29. Qxf5 1-0

[Event "Ven tu..."]
[Site "http://www.queenalice.com/game.php?id=1779678"]
[Date "2022.1.8"]
[Round "-"]
[White "doriam2203"]
[Black "din4"]
[Result "1/2-1/2"]
[WhiteElo "1713"]
[BlackElo "1586"]

1. e4 e5 2. Nf3 Qf6 3. Bc4 Nh6 4. d4 Nc6 5. Bg5 Qg6 6. dxe5 Qxe4+ 7. Qe2 Qxe2+
8. Bxe2 Nb4 9. Bd3 d6 10. Bxh6 gxh6 11. O-O Nxd3 12. cxd3 d5 13. d4 Be7 14. Nc3
c6 15. h3 Rg8 16. Kh2 Bf5 17. Rg1 Bb4 18. Nh4 Be4 19. Nxe4 dxe4 20. Nf5 h5 21.
Rac1 Rd8 22. a3 Bd2 23. Rc4 Rd5 24. Nd6+ Ke7 25. Nxb7 Rb8 26. Nd6 Rxb2 27. Rxc6
Rxd4 28. Nf5+ Kd7 29. Nxd4 Bf4+ 30. Kh1 Bxe5 31. Ra6 Bxd4 32. Rd1 Rxf2 33. Rxd4+
Ke7 34. Rxe4+ Kf8 35. Rxa7 Kg7 36. Ree7 Rf6 37. Re5 Kg6 38. a4 Rf4 39. a5 f6 40.
a6 fxe5 41. Re7 Kf6 42. Rxh7 Kg6 43. Rb7 Ra4 44. a7 Kf5 45. Rh7 h4 46. Kg1 e4
47. Kf2 Ra3 48. Rxh4 Rxa7 49. Ke3 Ra3+ 50. Kf2 Ra2+ 51. Kf1 e3 52. g4+ Kf4 53.
Rh8 Rh2 54. Ke1 Kf3 55. Rf8+ Kg3 56. Rh8 Kf3 57. Rf8+ Kg3 58. Rh8 Kf3 1/2-1/2

[Event "Fernando"]
[Site "http://www.queenalice.com/game.php?id=1780653"]
[Date "2022.1.17"]
[Round "-"]
[White "din4"]
[Black "rfbcsa"]
[Result "0-1"]
[WhiteElo "1612"]
[BlackElo "1878"]

1. e4 e6 2. e5 d5 3. d4 c5 4. Nf3 Nc6 5. Bb5 a6 6. Bxc6+ bxc6 7. b3 cxd4 8. Qxd4
c5 9. Qf4 Ne7 10. Ng5 Nf5 11. O-O Be7 12. Qg4 f6 13. exf6 Bxf6 14. Nxh7 Bxa1 15.
Qh5+ Kd7 16. Qf7+ Qe7 17. Qh5 Bb7 18. c3 g6 19. Qg4 Qxh7 20. h3 d4 21. Rd1 Ke8
22. Ba3 Qh5 23. Nd2 Qxg4 24. hxg4 Bxc3 25. Ne4 Bxe4 26. gxf5 gxf5 27. f3 Bb7 28.
Bxc5 Rd8 29. Rd3 Kf7 30. Kf2 Rh2 31. Kg3 Rdh8 32. Bxd4 Be1+ 33. Kf4 R8h4+ 34.
Ke5 Bg3+ 35. f4 Bxf4# 0-1

[Event "Challenge"]
[Site "http://www.queenalice.com/game.php?id=1780659"]
[Date "2022.1.17"]
[Round "-"]
[White "tikar15"]
[Black "din4"]
[Result "1-0"]
[WhiteElo "1372"]
[BlackElo "1612"]

1. d4 e6 2. h3 d5 3. c4 Bb4+ 4. Bd2 Be7 5. Nc3 dxc4 6. e4 Qxd4 7. Nf3 Qc5 8. Be3
Qb4 9. Qc2 Nf6 10. a3 Qa5 11. Bxc4 Bb4 12. O-O Bxc3 13. bxc3 h6 14. Rfd1 b5 15.
Bb3 Bb7 16. Qd3 Nbd7 17. e5 Nd5 18. c4 Nxe3 19. Qxd7+ Kf8 20. fxe3 g6 21. cxb5
Qc3 22. Rac1 Qxe3+ 23. Kh1 Qxb3 24. Qxc7 Qxb5 25. Rd7 Rc8 26. Rxf7+ Kg8 27. Rg7+
Kf8 28. Qf7# 1-0

[Event "Challenge"]
[Site "http://www.queenalice.com/game.php?id=1780660"]
[Date "2022.1.17"]
[Round "-"]
[White "din4"]
[Black "tikar15"]
[Result "1-0"]
[WhiteElo "1607"]
[BlackElo "1329"]

1. e4 e5 2. Bc4 Nf6 3. Qf3 h6 4. Qc3 c6 5. Qxe5+ Be7 6. Qg3 Nh5 7. Qf3 Nf6 8. e5
Nd5 9. d4 O-O 10. Qg3 Qb6 11. Bxh6 g6 12. b3 Qxd4 13. Nc3 Nxc3 14. Ne2 Qe4 15.
Qxc3 Qxg2 16. e6 f6 17. Bxf8 d5 18. Bxe7 Kh7 19. Qxf6 Qxh1+ 20. Kd2 Qe4 21. Bf8
Qxe6 22. Qg7# 1-0

[Event "Challenge"]
[Site "http://www.queenalice.com/game.php?id=1784389"]
[Date "2022.3.9"]
[Round "-"]
[White "Leanne"]
[Black "din4"]
[Result "0-1"]
[WhiteElo "1318"]
[BlackElo "1586"]

1. e4 e5 2. Nf3 f6 3. Bc4 Ne7 4. b3 d5 5. Bb5+ c6 6. Bd3 d4 7. O-O Bg4 8. h3 Bh5
9. Ba3 g5 10. Be2 g4 11. Nh4 Qd7 12. f3 gxh3 13. g4 Rg8 14. Kh2 Nd5 15. Rg1 Nf4
16. Bxf8 d3 17. cxd3 Kxf8 18. Bf1 Qd4 19. Bxh3 Qf2+ 20. Ng2 Nxh3 21. Qf1 Bxg4
22. Qxf2 Nxf2 23. fxg4 Nxg4+ 24. Kg3 Ne3+ 25. Kf2 Nc2 26. Nc3 Nxa1 27. Rxa1 Na6
28. Na4 Rd8 29. Rh1 Rd7 30. Nb2 Nb4 31. a3 Nc2 32. Ne1 Nxa3 33. Nc4 Nb5 34. Rh6
Rg6 35. Rh5 Nd4 36. Nf3 Nxf3 37. Kxf3 Rxd3+ 38. Ke2 Rxb3 39. Rxh7 Rg4 40. Nd6
Rg2+ 41. Kd1 Rb2 42. Rf7+ Kg8 43. Rxf6 Rbxd2+ 44. Ke1 Ra2 45. Kf1 Rgb2 46. Kg1
Rd2 47. Nxb7 Rab2 48. Nc5 Rg2+ 49. Kf1 Rgc2 50. Nd3 Rb1+ 51. Ne1 Rcc1 52. Ke2
Rxe1+ 53. Kf3 Rf1+ 0-1

[Event "Amai"]
[Site "http://www.queenalice.com/game.php?id=1784734"]
[Date "2022.3.13"]
[Round "-"]
[White "din4"]
[Black "rfbcsa"]
[Result "0-1"]
[WhiteElo "1591"]
[BlackElo "1883"]

1. d4 Nf6 2. Bf4 e6 3. a3 b6 4. f3 Bb7 5. g4 h6 6. e4 d6 7. Nc3 Nbd7 8. Qd3 a5
9. e5 Nd5 10. Nge2 dxe5 11. Bxe5 Nxe5 12. dxe5 Ba6 13. Nb5 c6 14. Ned4 cxb5 15.
Nxb5 Bc5 16. b4 axb4 17. axb4 Bxb4+ 18. c3 Nxc3 19. Qxd8+ Kxd8 20. Nd6 Nb5+ 21.
Kf2 Nxd6 22. exd6 Ba5 23. Bxa6 Rxa6 24. Ra2 Kd7 25. Rd1 Raa8 26. Rc2 Rac8 27.
Re2 Rc6 28. h4 Rxd6 29. Rxd6+ Kxd6 30. f4 Rd8 31. Rc2 Ke7 32. Rc7+ Rd7 33. Rc8
b5 34. Rb8 b4 35. Rb5 Rd5 36. Rb7+ Kf6 37. Ke3 e5 38. Ke4 Rd4+ 39. Ke3 Rxf4 40.
Rb5 Bd8 41. g5+ hxg5 42. hxg5+ Kxg5 43. Rxe5+ Rf5 44. Re8 Bf6 45. Rb8 Bc3 46.
Rd8 Kg4 47. Rc8 Re5+ 48. Kd3 f5 49. Rh8 g5 50. Rh1 f4 51. Kc4 Kf5 52. Kb3 f3 53.
Rh5 Kf4 54. Rh7 Rf5 55. Rh2 g4 56. Kc2 g3 57. Rh4+ Ke3 58. Rg4 g2 59. Rg3 Be5
60. Rg4 Rf4 61. Rg5 Bc3 62. Rg6 Kf2 63. Kd3 g1=Q 64. Rxg1 Kxg1 65. Ke3 Rf8 0-1

[Event "Que viene..."]
[Site "http://www.queenalice.com/game.php?id=1784735"]
[Date "2022.3.13"]
[Round "-"]
[White "rfbcsa"]
[Black "din4"]
[Result "1-0"]
[WhiteElo "1856"]
[BlackElo "1591"]

1. e4 d5 2. exd5 Qxd5 3. Nc3 Qe5+ 4. Qe2 Qf5 5. d3 Qc5 6. Be3 Qb4 7. O-O-O Bg4
8. f3 Be6 9. Kb1 Nd7 10. g4 c5 11. a3 Qa5 12. d4 c4 13. d5 Bxd5 14. Rxd5 b5 15.
Rxb5 Qc7 16. Qd2 O-O-O 17. Nd5 Qd6 18. Bxc4 Ne5 19. Rc5+ Kd7 20. Bb5+ Ke6 21.
Nf4+ Kf6 22. Rd5 Nxf3 23. g5+ Nxg5 24. Bd4+ e5 25. Bxe5+ Qxe5 26. Nh5+ Kg6 27.
Bd3+ f5 28. Rxe5 Kxh5 29. Be2+ Kg6 30. Qxd8 Nf7 31. Qh4 Nxe5 32. Bh5+ Kh6 33.
Bf7# 1-0

[Event "Challenge"]
[Site "http://www.queenalice.com/game.php?id=1788743"]
[Date "2022.5.11"]
[Round "-"]
[White "jjjcarvalho"]
[Black "din4"]
[Result "1-0"]
[WhiteElo "1749"]
[BlackElo "1587"]

1. d4 d5 2. Nf3 f6 3. e3 Bg4 4. Be2 Bxf3 5. Bxf3 e6 6. Nc3 c6 7. O-O g5 8. h3
Bd6 9. Re1 Qc7 10. e4 Ne7 11. exd5 cxd5 12. Rxe6 Kf7 13. Qe2 Qd7 14. Re3 Nf5 15.
Rd3 Ne7 16. Nxd5 Nbc6 17. Bh5+ Kg7 18. Nxe7 Nxe7 19. Bd2 Rae8 20. Bxe8 Rxe8 21.
Re1 Kf7 22. Qh5+ Kg7 23. Ree3 Qc6 24. c3 Qb5 25. b4 Qa4 26. h4 Ng6 27. Rxe8 Qxe8
28. hxg5 Qe4 29. gxf6+ Kg8 30. Re3 Qf4 31. Re8+ Kf7 32. Bxf4 Bxf4 33. Re4 Bd2
34. Qxh7+ Kxf6 35. d5 b5 36. Re6+ Kf5 37. Qxg6+ Kf4 38. g3+ Kf3 39. Qe4# 1-0

[Event "Adelante"]
[Site "http://www.queenalice.com/game.php?id=1791310"]
[Date "2022.6.22"]
[Round "-"]
[White "din4"]
[Black "jjjcarvalho"]
[Result "0-1"]
[WhiteElo "1567"]
[BlackElo "1831"]

1. e4 e5 2. Bc4 Nf6 3. Qf3 Nc6 4. c3 Bc5 5. b4 Bb6 6. b5 Ne7 7. Qg3 Ng6 8. Nf3
d6 9. d3 h6 10. Nh4 Nxh4 11. Qxg7 Rf8 12. Bxh6 Qe7 13. Qg3 Nxg2+ 14. Qxg2 Rg8
15. Qf3 Ng4 16. Qh3 Nxf2 17. Qf3 Nxh1 18. Qxh1 Qh4+ 19. Kd2 Qxh6+ 20. Kc2 Bh3
21. Qf3 Rg2+ 22. Kb3 Qg6 23. Qxh3 Ke7 24. Bd5 a5 25. Bxb7 a4+ 26. Kb4 Rb2+ 27.
Kc4 Ra5 28. Qh4+ Qf6 29. Qxf6+ Kxf6 30. h4 Rbxb5 31. d4 exd4 32. Kd3 dxc3 33.
Nxc3 Rh5 34. Nd5+ Kg7 35. Nxb6 cxb6 36. Rg1+ Kf8 37. Rg5 Rhxg5 38. hxg5 Rxg5 39.
Bc6 b5 40. Kc3 Rc5+ 41. Kb4 Rxc6 42. Kxb5 Rc2 43. a3 Ke7 44. Kxa4 Ke6 45. Kb4
Ke5 46. a4 Kxe4 47. a5 f5 48. a6 f4 49. Kb5 f3 50. Kb6 f2 51. a7 Ra2 52. Kb7
Rxa7+ 53. Kxa7 f1=Q 54. Kb6 Kd5 55. Kc7 Qc4+ 56. Kd7 Qc6+ 57. Ke7 Qc7+ 58. Kf6
Kc5 59. Ke6 d5 60. Kf5 d4 61. Ke4 Qg3 62. Kf5 d3 63. Ke4 d2 64. Kf5 d1=Q 65. Ke4
Qd4+ 66. Kf5 Qde5# 0-1